| 000 | 00557nam a2200217Ia 4500 | ||
|---|---|---|---|
| 003 | OSt | ||
| 005 | 20220928144802.0 | ||
| 006 | a|||||r|||| 00| 0 | ||
| 007 | ta | ||
| 008 | 220927b |||||||| |||| 00| 0 eng d | ||
| 024 | _a76135 | ||
| 037 | _cTextual | ||
| 040 |
_aSDCL _cSDCL _beng |
||
| 041 |
_2eng _aeng |
||
| 082 | _aS:437, L4 | ||
| 100 |
_aDavis Larry Nolan _9509713 |
||
| 245 | 0 | _aPlanning, conducting and evaluating workshops. | |
| 260 | _c1974 | ||
| 942 |
_hS:437, L4 _cTEXL _2CC |
||
| 999 |
_c829697 _d829697 |
||